| 000 | 00597nam a2200205 u 4500 | ||
|---|---|---|---|
| 005 | 20240924071310.0 | ||
| 008 | 151104s2001 ea r 000 0 spa d | ||
| 020 | _a0746045360 | ||
| 035 | _aUPN01000206561 | ||
| 049 | _aI | ||
| 050 | 4 |
_aPZ78 _bG5.7 |
|
| 100 | 1 |
_aGibson, Ray _938512 |
|
| 245 | 0 | 0 |
_aRecortar y pegar / _cRay Gibson ; il. Michaela Kennard ; tr. Pilar Dunster. |
| 260 |
_aLondres : _bUsborne, _c2001. |
||
| 300 |
_a32 p. : _bil. col. |
||
| 440 | 0 | _aVamos a jugar | |
| 650 | 7 |
_aLibros ilustrados para niƱos _2 _921365 |
|
| 650 | 4 |
_aLiteratura infantil _94445 |
|
| 905 | _aInfantil | ||
| 999 |
_c178662 _d178662 |
||